00962 2200325 4500001002100000005001500021035002000036007000300056008004100059020002200100082001500122084001700137100003200154245007900186250002000265300004800285650001100333700003200344504003100376264003400407336002100441337003000462338002300492040002200515090002100537090002200558850001200580999002200592990002200614INLIS00000000085413920200219015825 a0010-0220000309ta200212s2013 yoia f | ind d a978-979-21-3633-304223a236.25 a236.25 ALB m0 aAlbertus PurnomoePengarang10aMenyingkap misteri neraka /cAlbertus Purnomo; penyunting, Satriyo Sinubyo aCetakan pertama a[80] halaman :bilustrasi berwarna ;c23 cm 4aNeraka0 aSatriyo SinubyoePenyunting aBibliografi: halaman 79-80 aYogyakarta :bKanisius,c2013 2rdacontentateks 2rdamediaatanpa perantara 2rdacarrieravolume aYOPDYOGbinderda aDEP 236.25 ALB m aCB-D.11 2013-2859 aYOPDYOG aCB-D.11/2013-2859 aCB-D.11/2013-2859